Science Quiz

Random Science Quiz

Mechanisms of diseases Quiz Stats

Quiz not verified by Sporcle

Challenge
Share
Tweet
Embed
Score 0/32 Timer 10:00
0 Plays Today
% Correct
acute
83.3%
chronic
83.3%
syndrome
83.3%
bacteria
66.7%
epidemiology
50%
endemic
50%
epidemic
50%
pandemic
50%
pathogenesis
50%
fungi
50%
protozoa
50%
vector
33.3%
etiology
16.7%
idiopathic
16.7%
Prion
16.7%
nematodes
16.7%
% Correct
neoplasm
16.7%
tumors
16.7%
malignant
16.7%
adenoma
16.7%
melanoma
16.7%
chemotherapy
16.7%
pathophysiology
0%
growth,staining, shape and size
0%
metazoa
0%
platyhelminths
0%
Arthopods
0%
papilloma
0%
osteoma
0%
chondroma
0%
carcinomas
0%
cachexia
0%

You're not logged in!

Compare scores with friends on all Sporcle quizzes.
Join for Free
OR
Log In

You Might Also Like...

Show Comments

Extras

Created Oct 2, 2012ReportNominate
Tags:mechanism

Top Quizzes Today


Score Distribution

Your Account Isn't Verified!

In order to create a playlist on Sporcle, you need to verify the email address you used during registration. Go to your Sporcle Settings to finish the process.

Report this User

Report this user for behavior that violates our Community Guidelines.

Details: